| 000 | 00567nam a2200181 i 4500 | ||
|---|---|---|---|
| 001 | bg | ||
| 100 | 1 | _aCIĘŻAK, Tadeusz | |
| 245 | 0 |
_aRozwarcie rys w skręcanych elementach żelbetowych / _cT. Ciężak. |
|
| 260 |
_aLublin, _c1990. |
||
| 490 | 1 |
_aPrace Naukowe Politechniki Lubelskiej. Budownictwo ; _v40 |
|
| 500 | _aNumeracja ser. gł. : 218. | ||
| 830 | 0 |
_aPrace Naukowe Politechniki Lubelskiej. _pBudownictwo ; _v40 |
|
| 040 | _cBPK | ||
| 041 | _apol | ||
| 080 | _a624.131.2/.6:666.97/.98:539.4 | ||
| 942 | _cKS | ||
| 008 | s pl f |000 0 pol | ||
| 999 |
_c29519 _d29519 |
||
| 856 |
_uhttp://koha.tu.koszalin.pl/cgi-bin/koha/opac-detail.pl?biblionumber=29519 _yKatalog online BPK |
||